Normal view
MARC view
- Seminario de estrategias para mejorar la transparencia y la rendición de cuentas en la educación
Entry Nombre de Reunión
001 - NÚMERO DE CONTROL
- campo de control: 56578
003 - IDENTIFICADOR DE NÚMERO DE CONTROL
- campo de control: MX-MxUPN
005 - FECHA Y HORA DE LA ÚLTIMA TRANSACCIÓN
- campo de control: 20250519111125.0
008 - DATOS DE LONGITUD FIJA
- campo de control de longitud fija: 250519nn fcannaabn n ana d
040 ## - FUENTE DE CATALOGACIÓN
- Agencia original de catalogación: MX-MxUPN
- Lenguaje de catalogación: spa
111 2# - ENCABEZAMIENTO - NOMBRE DE REUNIÓN
- Nombre de reunión o de jurisdicción: Seminario de estrategias para mejorar la transparencia y la rendición de cuentas en la educación
- Fecha de la reunión : (2003 :
- Lugar de la reunión: Guanajuato, Gunajuato)
670 ## - FUENTE EN LA QUE SE LOCALIZARON DATOS
- Cita de la fuente: Seminario de estrategias para mejorar la transparencia y la rendición de cuentas en la educación, 2003 :
- Información localizada: portada (Seminario de estrategias para mejorar la transparencia y la rendición de cuentas en la educación, Guanajuato, Guanajuato, 2003)
902 ## - CATALOGADOR
- Catalogador: VíctorGodínez/190525
